000
00218nam a2200097Ia 4500
008
170619s9999 xx 000 0 und d
100
_a
Gaonkar -Ramesh
245
0
_a
Microprocessor
260
_b
New Delhi: MGH
260
_c
2002
546
_a
ENGLISH
999
_c
16602
_d
16602